000 00317nam a22001217a 4500
003 SGT
082 _a920
_bS23S
100 _aसिंह, उमेश प्रसाद
245 _aसाठ के हेमंत
260 _bप्रभात प्रकाशन
_c2023
300 _a476
942 _2ddc
_cBK
999 _c31991
_d31991